000
00310nam a2200121Ia 4500
008
250327s9999 xx 000 0 und d
020
_a
9781452283395
082
_b
FRE
_a
CQR
100
_a
BRUCE B. FREY
_9
34509
245
0
_a
100 QUESTIONS (AND ANSWERS) ABOUT TESTS AND MEASUREMENT
260
_b
SAGE
942
_c
BK
999
_c
7304
_d
7304